000 00729nam a22002177a 4500
003 UA-OsUOA
001 100544
007 ta
008 20130528b un ||||| |||| 00| 0 ukr d
100 _aДиба В.
090 _a657
_bД44
942 _cSA
040 _aUA-OsUOA
_bukr
_cUA-OsUOA
_dUA-OsUOA
245 _aНаукові підходи до визначення вартості нематеріальних активів та їх обліку
300 _aС.9-16
955 _a0
041 _aukr
080 _a657
773 0 _w100543
_tБухгалтерський облік і аудит
_dК.
_d2013
_g4
650 7 _a657 Бухгалтерія. Бухгалтерський облік. Рахівництво
_2UDC
999 _c387191
_d387191